| 000 | 00403nam a22001097a 4500 | ||
|---|---|---|---|
| 008 | 150928b xxu||||| |||| 00| 0 eng d | ||
| 100 | _aNielsen, Lasse | ||
| 245 |
_aDenmarks Provisionals 1904-1912-1915 _bDanmarks Provisorier 1904-1912-1915 |
||
| 260 |
_aKøbenhavn NV, Danmark _bKjøbenhavns Philatelist Klub _c1997 |
||
| 650 | _aDenmark -- Provisionals and Forerunners | 1904-1915 | ||
| 700 | _aRegeling, Henry | ||
| 999 |
_c1726 _d1726 |
||